Statistics for Bundesliga Teams 2016/17

Click here to take the quiz!

General Stats

  • This quiz has been taken 298 times
  • The average score is 14 of 18

Answer Stats

Team% Correct
Bayern Munich
99%
Borrusia Dortmund
95%
Schalke 04
87%
Bayer Leverkusen
85%
VfL Wolfsburg
84%
RB Leipzig
84%
Hamburger SV
84%
1. FC Koln
79%
Werder Bremen
75%
Eintracht Frankfurt
74%
Hertha BSC
72%
TSG 1899 Hoffenheim
72%
Borrusia Monchengladbach
71%
FC Augsburg
67%
1. FSV Mainz 05
64%
SC Freiburg
61%
Darmstadt 98
55%
Fc Ingolstadt
52%

Score Distribution

Percentile by Number Answered

Percent of People with Each Score

Your Score History

You have not taken this quiz